000
00326nam a2200145Ia 4500
005
20251222144702.0
008
251222s9999||||xx |||||||||||||| ||spa||
020
_a
84-481-0648-2
082
_a
339/S19
100
_a
Samuelson, Paul
245
0
_a
MacroeconomÃa
250
_a
15a.ed.
264
_b
McGraw-Hill
942
_c
LIB
999
_c
17496
_d
17496